Top 15 Countries with Covid-19 Cases - 31 January 2021 - Statistics

General Stats
  • This quiz has been taken 35 times
  • The average score is 14 of 28
Answer Stats
country % Correct
United States
97%
France
85%
Italy
85%
United Kingdom
85%
Germany
82%
Spain
79%
Brazil
76%
Mexico
76%
Russia
76%
India
74%
Argentina
68%
Portugal
62%
Colombia
59%
Netherlands
50%
Poland
50%
Belgium
47%
South Africa
47%
Turkey
47%
Czechia
26%
Switzerland
26%
Israel
21%
Slovenia
21%
Croatia
18%
Lithuania
15%
Armenia
12%
Panama
12%
Bahrain
9%
Georgia
9%
No matching quizzes found
Score Distribution
Percent of People with Each Score
Percentile by Number Answered
Your Score History
You have not taken this quiz